[Event "Sparkassen-Open A"]
[Site "Heusenstamm, Martinsee"]
[Date "2018.11.24"]
[Round "4.31"]
[White "Mischke, Gabriel"]
[Black "Mesias Rojas, Rabindranath"]
[Result "0-1"]
[WhiteElo "2036"]
[BlackElo "2205"]
[PlyCount "130"]
[EventDate "2018.??.??"]
[WhiteTeam "TSV Schott Mainz"]
[BlackTeam "AJEZA"]

1. e4 g6 2. d4 c6 3. Nf3 Bg7 4. h3 d5 5. e5 f6 6. Bd3 fxe5 7. Nxe5 Nf6 8. Nd2
O-O 9. Ndf3 Nbd7 10. O-O Nxe5 11. Nxe5 Nd7 12. Qe2 Nxe5 13. dxe5 Bf5 14. g4
Bxd3 15. cxd3 e6 16. f4 Qb6+ 17. Qf2 c5 18. Qe3 Rf7 19. b3 Qc6 20. g5 Rc8 21.
Bd2 Bf8 22. Kh2 b5 23. a4 bxa4 24. Rxa4 Rb8 25. Rfa1 Rxb3 26. Ra6 Qb5 27. Rxe6
Rxd3 28. Qe1 Qb2 29. Rd1 c4 30. Rc6 c3 31. Rxc3 Rxc3 32. Rb1 Qa2 33. Ra1 Qc4
34. Bxc3 Qxf4+ 35. Qg3 d4 36. Qxf4 Rxf4 37. Kg3 Re4 38. Bd2 Bc5 39. Bf4 Re2 40.
Ra5 Rc2 41. Kf3 Kf7 42. Rb5 Ke6 43. Rb8 Kf5 44. Bg3 Rc3+ 45. Kg2 d3 46. Rd8 Be7
47. Rd7 Bxg5 48. h4 Be3 49. Kf3 Bc5 50. Rf7+ Ke6 51. Rf6+ Ke7 52. Bf4 d2+ 53.
Ke2 Be3 54. Bxe3 Rxe3+ 55. Kxd2 Rxe5 56. Ra6 Rd5+ 57. Ke3 Rd7 58. h5 gxh5 59.
Rh6 Kd8 60. Rxh5 Kc7 61. Rh1 a5 62. Rc1+ Kb6 63. Rb1+ Ka6 64. Ra1 Kb5 65. Rb1+
Kc4 0-1

[Event "Sparkassen-Open A"]
[Site "Heusenstamm, Martinsee"]
[Date "2018.11.24"]
[Round "4.32"]
[White "Hebbering, Tom Elliot"]
[Black "Hoffmann, Matthias"]
[Result "1-0"]
[WhiteElo "2199"]
[BlackElo "2024"]
[PlyCount "40"]
[EventDate "2018.??.??"]
[WhiteTeam "SK Gernsheim"]
[BlackTeam "SV Wiehl"]

1. d4 Nf6 2. c4 g6 3. g3 Bg7 4. Bg2 O-O 5. Nc3 d6 6. Nf3 c6 7. O-O Nbd7 8. e4
e5 9. h3 Qb6 10. Re1 exd4 11. Nxd4 Re8 12. Nb3 Qb4 13. Be3 Qxc4 14. Qxd6 Nb6
15. Bf1 Qe6 16. Qxe6 Bxe6 17. Nc5 Nc4 18. Nxe6 Nxe3 19. Nxg7 Kxg7 20. Rxe3 Rad8
1-0

[Event "Sparkassen-Open A"]
[Site "Heusenstamm, Martinsee"]
[Date "2018.11.24"]
[Round "4.33"]
[White "Adocchio, Giampiero"]
[Black "Pauls, Wilhelm"]
[Result "1-0"]
[WhiteElo "2171"]
[BlackElo "2024"]
[PlyCount "101"]
[EventDate "2018.??.??"]
[WhiteTeam "Mosbacher SC"]
[BlackTeam "SG Kaarst"]

1. e4 c5 2. Nf3 Nc6 3. d4 cxd4 4. Nxd4 e5 5. Nb5 a6 6. Nd6+ Bxd6 7. Qxd6 Qf6 8.
Qd2 Nge7 9. c4 O-O 10. Nc3 Nd4 11. Bd3 b5 12. O-O Bb7 13. Nd5 Qd6 14. b3 Bxd5
15. cxd5 f5 16. Bb2 fxe4 17. Bxe4 Nef5 18. Rad1 Rac8 19. Rfe1 Qb6 20. Qd3 g6
21. g4 Nh6 22. Bxd4 exd4 23. f3 Nf7 24. Qxd4 Qxd4+ 25. Rxd4 Ng5 26. Kf2 Rc3 27.
Re3 Nh3+ 28. Ke2 Rc1 29. Rd1 Rc5 30. Kd2 Rfc8 31. Ree1 Kf7 32. Rc1 Rxc1 33.
Rxc1 Rxc1 34. Kxc1 Kf6 35. Kd2 Ke5 36. Kc3 a5 37. b4 a4 38. Bd3 Nf4 39. Bxb5
Nxd5+ 40. Kc4 a3 41. Kb3 Nb6 42. Kxa3 d5 43. Kb3 d4 44. Kc2 Nd5 45. a3 g5 46.
Bc6 Nf4 47. a4 Kd6 48. Be4 h6 49. a5 Kc7 50. b5 Kb8 51. b6 1-0

[Event "Sparkassen-Open A"]
[Site "Heusenstamm, Martinsee"]
[Date "2018.11.24"]
[Round "4.34"]
[White "BlÃ¼baum, Johanna"]
[Black "Boos, Markus"]
[Result "0-1"]
[WhiteElo "2027"]
[BlackElo "2166"]
[PlyCount "104"]
[EventDate "2018.??.??"]
[WhiteTeam "SK Marburg"]
[BlackTeam "Elberfelder SG"]

1. d4 Nf6 2. c4 c5 3. d5 e6 4. Nc3 exd5 5. cxd5 d6 6. Nf3 g6 7. Nd2 Bg7 8. e4
O-O 9. Be2 Re8 10. O-O b6 11. a4 Ba6 12. f3 Bxe2 13. Qxe2 a6 14. Nc4 Ra7 15.
Bf4 Rd7 16. g4 Ree7 17. Qd2 Ne8 18. Rab1 Rb7 19. b4 b5 20. Na5 Rbc7 21. axb5
cxb4 22. Ne2 axb5 23. Rxb4 Rc5 24. Nb3 Rc4 25. Rxb5 Rec7 26. Nbd4 Nd7 27. Nc6
Qa8 28. Rfb1 Qa3 29. Kg2 f5 30. Ra5 Ra4 31. Rxa4 Qxa4 32. gxf5 gxf5 33. Ne7+
Kf8 34. Nxf5 Rc2 35. Qd1 Qa2 36. Nfg3 h5 37. Kf1 h4 38. Rb7 hxg3 39. hxg3 Ne5
40. Bxe5 Bxe5 41. f4 Rd2 42. Qe1 Qc2 43. fxe5 Rd1 44. e6 Rxe1+ 45. Kxe1 Qxe4
46. Rf7+ Kg8 47. Kf2 Qxd5 48. Nf4 Qd4+ 49. Kf3 Nf6 50. Kg2 Qe4+ 51. Kh2 Ng4+
52. Kh3 Nh6 0-1

[Event "Sparkassen-Open A"]
[Site "Heusenstamm, Martinsee"]
[Date "2018.11.24"]
[Round "4.35"]
[White "Haag, Martin"]
[Black "Pfeffer, Marko"]
[Result "1/2-1/2"]
[WhiteElo "2186"]
[BlackElo "2016"]
[PlyCount "90"]
[EventDate "2018.??.??"]
[WhiteTeam "SC Bonn Beuel"]
[BlackTeam "SC Bergen-Enkheim"]

1. c4 f5 2. g3 Nf6 3. Bg2 e5 4. Nc3 d6 5. e3 Be7 6. Nge2 O-O 7. O-O c6 8. b3
Qe8 9. Ba3 Be6 10. f4 Nbd7 11. h3 Rd8 12. Qc2 Nh5 13. Kh2 Rf6 14. fxe5 dxe5 15.
Bxe7 Qxe7 16. d4 e4 17. Nf4 Nxf4 18. Rxf4 g5 19. Rf2 Bf7 20. Raf1 Bg6 21. g4
fxg4 22. hxg4 Rdf8 23. Rxf6 Nxf6 24. Kg1 Nxg4 25. Rxf8+ Qxf8 26. Qe2 Nf6 27. d5
Qd6 28. Qd2 cxd5 29. Nxd5 Nxd5 30. cxd5 Kf7 31. Qd4 Qb6 32. Qc3 h5 33. Bf1 Qd6
34. Qd4 b6 35. Bg2 Qc5 36. Qd2 Ke7 37. b4 Qd6 38. Qd4 Qf6 39. Qc4 Qe5 40. Qc6
Qd6 41. Qb7+ Qd7 42. Qb8 Kf7 43. Qe5 Qe7 44. Qd4 Qf6 45. Qc4 Qa1+ 1/2-1/2

[Event "Sparkassen-Open A"]
[Site "Heusenstamm, Martinsee"]
[Date "2018.11.24"]
[Round "4.36"]
[White "Schultze, JÃ¶rg-Martin"]
[Black "Goossens, Hanne"]
[Result "1/2-1/2"]
[WhiteElo "2027"]
[BlackElo "2176"]
[PlyCount "41"]
[EventDate "2018.??.??"]
[WhiteTeam "SF Anderssen Wetzlar"]
[BlackTeam "DJK AufwÃ¤rts Aachen"]

1. e4 c5 2. Nf3 d6 3. d4 cxd4 4. Qxd4 Nc6 5. Bb5 Bd7 6. Bxc6 Bxc6 7. c4 f5 8.
Nc3 e5 9. Qd3 fxe4 10. Nxe4 Nf6 11. Nfg5 Nxe4 12. Nxe4 Be7 13. O-O O-O 14. Be3
Qd7 15. Rad1 b6 16. Nxd6 Qg4 17. f3 Rxf3 18. Rxf3 Bxf3 19. Rd2 Bxd6 20. Qxd6
Qe4 21. Qd5+ 1/2-1/2

[Event "Sparkassen-Open A"]
[Site "Heusenstamm, Martinsee"]
[Date "2018.11.24"]
[Round "4.37"]
[White "Villwock, Martin"]
[Black "Begri, Felix"]
[Result "1-0"]
[WhiteElo "2182"]
[BlackElo "2008"]
[PlyCount "27"]
[EventDate "2018.??.??"]
[WhiteTeam "SF Essen-Katernberg"]
[BlackTeam "SV Hofheim"]

1. e4 c5 2. Nf3 d6 3. d4 cxd4 4. Nxd4 Nf6 5. Nc3 a6 6. Be3 e5 7. Nb3 Be6 8. f3
Be7 9. Qd2 O-O 10. g4 d5 11. g5 d4 12. gxf6 dxe3 13. Qxd8 Rxd8 14. fxe7 1-0

[Event "Sparkassen-Open A"]
[Site "Heusenstamm, Martinsee"]
[Date "2018.11.24"]
[Round "4.39"]
[White "Schnabel, Bennett"]
[Black "Waffenschmidt, Joachim"]
[Result "0-1"]
[WhiteElo "2146"]
[BlackElo "2007"]
[PlyCount "78"]
[EventDate "2018.??.??"]
[WhiteTeam "SV Mattnetz Berlin"]
[BlackTeam "SC Brett vorm Kopp"]

1. e4 c5 2. c3 e6 3. d4 d5 4. exd5 exd5 5. Be3 Qb6 6. Qc2 Nc6 7. dxc5 Bxc5 8.
Bxc5 Qxc5 9. Nf3 Nf6 10. Bd3 O-O 11. O-O Bg4 12. Nbd2 Rac8 13. Qa4 a6 14. Qf4
Rfd8 15. Nb3 Qb6 16. Nfd4 a5 17. Nb5 d4 18. N3xd4 Nxd4 19. cxd4 Rd5 20. a4 Bd7
21. Rac1 Rd8 22. Rfd1 h6 23. h3 Rg5 24. Be2 Nd5 25. Qd2 Bxh3 26. Bf3 Qf6 27.
Bxd5 Rdxd5 28. Qe3 Rxg2+ 29. Kh1 Qh4 30. Rc8+ Bxc8+ 31. Kxg2 Qg4+ 32. Qg3 Qxd1
33. Nc3 Qxd4 34. Nxd5 Qxd5+ 35. Kf1 Bd7 36. Qb8+ Kh7 37. Qf4 Bc6 38. Qg4 Qh1+
39. Ke2 Qe4+ 0-1

[Event "Sparkassen-Open A"]
[Site "Heusenstamm, Martinsee"]
[Date "2018.11.24"]
[Round "4.40"]
[White "Chandler, Patrick"]
[Black "Stock, JÃ¼rgen"]
[Result "1-0"]
[WhiteElo "2138"]
[BlackElo "1941"]
[PlyCount "147"]
[EventDate "2018.??.??"]
[WhiteTeam "SC Nied"]
[BlackTeam "Sfr. Kelkheim"]

1. e4 e6 2. d4 d5 3. Nc3 Nf6 4. e5 Nfd7 5. f4 c5 6. Nf3 Nc6 7. Ne2 f6 8. c3 Be7
9. g3 fxe5 10. fxe5 O-O 11. Nf4 Qb6 12. h4 cxd4 13. cxd4 Bb4+ 14. Ke2 Rf7 15.
Be3 Nf8 16. Kf2 Bd7 17. Bd3 Be7 18. Qd2 Rc8 19. Rac1 Nb4 20. Bb1 Rxc1 21. Rxc1
Bb5 22. Kg2 Nc6 23. Ng5 Bxg5 24. hxg5 g6 25. Nh3 Qa6 26. Nf2 Be2 27. Bf4 Bb5
28. Ng4 Kg7 29. Nf6 Na5 30. b3 Qb6 31. Qc3 Nc6 32. Be3 a5 33. g4 a4 34. Kg3
axb3 35. axb3 Ba6 36. Bc2 Qb4 37. Bd1 Qxc3 38. Rxc3 Nd7 39. Rc2 Ndb8 40. Rh2
Kh8 41. Bc2 Ne7 42. Bc1 Nbc6 43. Bb2 Nb4 44. Bb1 Bd3 45. Bxd3 Nxd3 46. Bc3 Nc6
47. Kf3 Rc7 48. Ke3 Ndb4 49. Ne8 Re7 50. Nd6 Kg7 51. Bb2 Kg8 52. Ba3 b6 53. Rf2
Ra7 54. Bxb4 Nxb4 55. Rf6 Ra3 56. Rxe6 Rxb3+ 57. Kd2 Rd3+ 58. Ke2 Rxd4 59. Re8+
Kg7 60. e6 Nc6 61. e7 Nxe7 62. Rxe7+ Kg8 63. Kf3 Rd3+ 64. Kf4 Rd4+ 65. Kg3 Rd3+
66. Kh4 Rd1 67. Re8+ Kg7 68. Rb8 Rh1+ 69. Kg3 Rb1 70. Ne8+ Kf7 71. Nf6 h5 72.
gxh6 Kxf6 73. h7 Rb3+ 74. Kf2 1-0

[Event "Sparkassen-Open A"]
[Site "Heusenstamm, Martinsee"]
[Date "2018.11.24"]
[Round "4.41"]
[White "Thomas, Ingo"]
[Black "Kemper, Yannick"]
[Result "1-0"]
[WhiteElo "2130"]
[BlackElo "1890"]
[PlyCount "55"]
[EventDate "2018.??.??"]
[WhiteTeam "Krefelder SK Turm"]
[BlackTeam "SK Ludwigshafen"]

1. e4 c5 2. Nf3 d6 3. Bb5+ Nd7 4. d4 cxd4 5. Qxd4 a6 6. Bxd7+ Bxd7 7. Nc3 e5 8.
Qd3 h6 9. Nd2 Nf6 10. Nc4 Be6 11. Ne3 Rc8 12. O-O Be7 13. Bd2 O-O 14. Rfc1 Nd7
15. Ned5 Nc5 16. Qe2 f5 17. exf5 Bxf5 18. Be3 Be6 19. Rd1 b5 20. Rd2 Rf5 21.
Bxc5 Rxc5 22. Nxe7+ Qxe7 23. Rad1 Bc4 24. Qe3 d5 25. Nxd5 Bxd5 26. Rxd5 Rxc2
27. Qb3 Qc7 28. Rc5+ 1-0

[Event "Sparkassen-Open A"]
[Site "Heusenstamm, Martinsee"]
[Date "2018.11.24"]
[Round "4.42"]
[White "SchÃ¤fer, Heiko"]
[Black "Hinrichs, Niklas"]
[Result "0-1"]
[WhiteElo "2014"]
[BlackElo "2124"]
[PlyCount "62"]
[EventDate "2018.??.??"]
[WhiteTeam "Potsdamer SV"]
[BlackTeam "SK Bingen"]

1. d4 d5 2. Nf3 Nf6 3. c4 c6 4. Nc3 e6 5. g3 Nbd7 6. Bg2 Bd6 7. O-O O-O 8. Nd2
Be7 9. e4 dxe4 10. Ndxe4 Nxe4 11. Nxe4 Nf6 12. Bf4 Qd7 13. Nc5 Qe8 14. Qa4 Bxc5
15. dxc5 e5 16. Rfe1 Nd7 17. b4 f6 18. Be3 f5 19. b5 cxb5 20. cxb5 e4 21. Bf4
Nxc5 22. Qc4+ Ne6 23. f3 Kh8 24. Bd6 Rf6 25. fxe4 fxe4 26. Rxe4 Bd7 27. Rae1
Qg6 28. Be7 Rf7 29. Rg4 Bxb5 30. Qxe6 Qxe6 31. Rxe6 Bd7 0-1

[Event "Sparkassen-Open A"]
[Site "Heusenstamm, Martinsee"]
[Date "2018.11.24"]
[Round "4.43"]
[White "Schreiner, Roland"]
[Black "Hagner, Bennet"]
[Result "1/2-1/2"]
[WhiteElo "2121"]
[BlackElo "1912"]
[PlyCount "91"]
[EventDate "2018.??.??"]
[WhiteTeam "SC Heusenstamm"]
[BlackTeam "Frankfurter TV"]

1. d4 Nf6 2. Nf3 c5 3. c4 g6 4. d5 b5 5. cxb5 a6 6. bxa6 Bxa6 7. Nc3 d6 8. e4
Bxf1 9. Kxf1 Bg7 10. h3 O-O 11. Kg1 Na6 12. Kh2 Qa5 13. Nd2 Rfb8 14. Nc4 Qb4
15. Qe2 Nd7 16. a3 Qb3 17. Na5 Qb6 18. Nc6 Re8 19. Bd2 Nab8 20. Nxb8 Rexb8 21.
Rab1 Qb3 22. f4 Nb6 23. Rhf1 Nc4 24. Rf3 Qc2 25. Qxc4 Bxc3 26. Rc1 Qxd2 27.
Qxc3 Rxb2 28. Qxd2 Rxd2 29. Rb3 Rd4 30. Re1 Raa4 31. Rbe3 Rac4 32. Kg3 Rc2 33.
Kf3 Rdd2 34. R1e2 Rxe2 35. Rxe2 Rxe2 36. Kxe2 Kf8 37. Kd3 Ke8 38. g4 Kd7 39.
Kc4 Kc7 40. Kb5 Kb7 41. a4 f6 42. h4 h6 43. Ka5 g5 44. fxg5 fxg5 45. hxg5 hxg5
46. Kb5 1/2-1/2

[Event "Sparkassen-Open A"]
[Site "Heusenstamm, Martinsee"]
[Date "2018.11.24"]
[Round "4.44"]
[White "Yankelevich, Michael"]
[Black "Amtmann, Florian"]
[Result "1/2-1/2"]
[WhiteElo "1978"]
[BlackElo "2120"]
[PlyCount "77"]
[EventDate "2018.??.??"]
[WhiteTeam "SG Trier"]
[BlackTeam "Spvgg Stetten"]

1. e4 c5 2. Nc3 a6 3. g3 b5 4. Bg2 Bb7 5. d3 d6 6. f4 g6 7. Nh3 Bg7 8. O-O e6
9. g4 Bd4+ 10. Kh1 h5 11. g5 Ne7 12. Ne2 Bg7 13. c3 O-O 14. Ng3 Qc7 15. Be3 Nd7
16. Qd2 a5 17. Ng1 b4 18. h4 bxc3 19. bxc3 Rab8 20. Rab1 Bc6 21. N1e2 Rb7 22.
f5 exf5 23. exf5 Bxg2+ 24. Kxg2 Be5 25. Nf4 Rfb8 26. Rxb7 Qxb7+ 27. Kh3 Qb2 28.
fxg6 fxg6 29. Qxb2 Rxb2 30. d4 cxd4 31. cxd4 Bxf4 32. Bxf4 Rxa2 33. Bxd6 Nd5
34. Ne4 Re2 35. Nc5 Re3+ 36. Kh2 N5b6 37. Ra1 Nxc5 38. dxc5 Nc4 39. Bc7 1/2-1/2

[Event "Sparkassen-Open A"]
[Site "Heusenstamm, Martinsee"]
[Date "2018.11.24"]
[Round "4.45"]
[White "SchrÃ¶der, JÃ¼rgen"]
[Black "Papadopoulos, Ioannis"]
[Result "1-0"]
[WhiteElo "2102"]
[BlackElo "1796"]
[PlyCount "69"]
[EventDate "2018.??.??"]
[WhiteTeam "SC Matt im Park"]
[BlackTeam "SV Oberursel"]

1. e4 c5 2. Be2 Nc6 3. f4 g6 4. Nf3 Bg7 5. O-O e6 6. d3 Nge7 7. c3 O-O 8. Qe1
d6 9. Be3 Rb8 10. a4 a6 11. Nbd2 b5 12. axb5 axb5 13. d4 b4 14. dxc5 bxc3 15.
bxc3 Bxc3 16. cxd6 Qxd6 17. Rc1 Qb4 18. Qf2 Bxd2 19. Nxd2 Bb7 20. Rb1 Qc3 21.
Rfc1 Qg7 22. e5 Ba8 23. Bc5 Rfd8 24. Ne4 Nd5 25. Bc4 Rxb1 26. Rxb1 Nce7 27.
Nf6+ Kh8 28. Bd6 Ng8 29. Bxd5 Bxd5 30. Qb6 Rc8 31. Qa6 Ra8 32. Qxa8 Bxa8 33.
Rb8 Bd5 34. Bf8 Nxf6 35. exf6 1-0

[Event "Sparkassen-Open A"]
[Site "Heusenstamm, Martinsee"]
[Date "2018.11.24"]
[Round "4.46"]
[White "Rutsatz, Mario"]
[Black "Rondonuwu, Grover"]
[Result "1-0"]
[WhiteElo "2006"]
[BlackElo "2101"]
[PlyCount "97"]
[EventDate "2018.??.??"]
[WhiteTeam "SF Frankfurt"]
[BlackTeam "Frankfurter TV"]

1. c4 c5 2. g3 Nf6 3. Bg2 g6 4. Nc3 Bg7 5. e4 Nc6 6. Nge2 d6 7. O-O O-O 8. h3
Bd7 9. d3 h6 10. Be3 e6 11. Qd2 Kh7 12. d4 cxd4 13. Nxd4 Nxd4 14. Bxd4 Bc6 15.
Rad1 Qa5 16. Nd5 Qxd2 17. Nxf6+ Bxf6 18. Rxd2 Be7 19. Rfd1 a5 20. b3 Rfe8 21.
a4 Red8 22. Bb6 Rd7 23. e5 Bxg2 24. Kxg2 Ra6 25. Bc5 Rc6 26. Bxd6 Bxd6 27. Rxd6
Rcxd6 28. exd6 b6 29. Kf3 Kg7 30. Ke4 f6 31. f4 Kf7 32. g4 Rd8 33. h4 Ke8 34.
f5 Kd7 35. Rg1 gxf5+ 36. gxf5 Rf8 37. fxe6+ Kxe6 38. Rg6 Kxd6 39. Kf5 Kc5 40.
Rxh6 Rd8 41. Rxf6 Rd3 42. h5 Rxb3 43. h6 Rh3 44. Kg6 Rg3+ 45. Kf7 Rh3 46. Kg7
Kxc4 47. h7 Rg3+ 48. Rg6 Rh3 49. Rxb6 1-0

[Event "Sparkassen-Open A"]
[Site "Heusenstamm, Martinsee"]
[Date "2018.11.24"]
[Round "4.47"]
[White "Burkhardt, Holger"]
[Black "Wortmann, Klaus-Peter"]
[Result "1/2-1/2"]
[WhiteElo "2005"]
[BlackElo "2097"]
[PlyCount "106"]
[EventDate "2018.??.??"]
[WhiteTeam "SK GieÃŸen"]
[BlackTeam "MS Halver-SchalksmÃ¼hle"]

1. d4 Nf6 2. Nc3 d5 3. Bf4 a6 4. e3 Bf5 5. f3 e6 6. g4 Bg6 7. h4 h6 8. Bd3 Bxd3
9. Qxd3 c5 10. Nge2 Nc6 11. O-O-O Qa5 12. Kb1 c4 13. Qd2 b5 14. Nc1 Bb4 15. g5
Nd7 16. e4 O-O-O 17. exd5 exd5 18. a3 Bxc3 19. Qxc3 Qxc3 20. bxc3 h5 21. Ne2
Rhe8 22. Ng3 g6 23. Kc1 Re6 24. Kd2 Nb6 25. Nf1 Rde8 26. Ne3 Ne7 27. Be5 Kd7
28. Rb1 Kc6 29. Rhe1 Nd7 30. f4 Nf5 31. Nxf5 gxf5 32. Rg1 Rg6 33. a4 Ra8 34.
axb5+ axb5 35. Ra1 Rxa1 36. Rxa1 Kb7 37. Ra5 Rb6 38. Bg7 Nb8 39. Ra1 Re6 40.
Rb1 Kb6 41. Bf6 Re8 42. Rg1 Nd7 43. Be5 Re6 44. Ra1 Kb7 45. Ra5 Rb6 46. Ra1 Nf8
47. Bg7 Ng6 48. Be5 Ra6 49. Rf1 Kc6 50. Re1 Ra3 51. Rh1 Ra4 52. Rb1 Ra2 53. Bb8
Ra8 1/2-1/2

[Event "Sparkassen-Open A"]
[Site "Heusenstamm, Martinsee"]
[Date "2018.11.24"]
[Round "4.48"]
[White "Vakulenko, Oleksandr"]
[Black "Zimmermann, Rolf"]
[Result "1/2-1/2"]
[WhiteElo "1999"]
[BlackElo "2093"]
[PlyCount "67"]
[EventDate "2018.??.??"]
[WhiteTeam "Gambit Kiev"]
[BlackTeam "SC Tornado Hochneukirch"]

1. d4 d5 2. c4 e6 3. Nc3 Nf6 4. Nf3 Be7 5. Bg5 c6 6. e3 Nbd7 7. a3 b6 8. Bd3
dxc4 9. Bxc4 Nd5 10. Bxe7 Qxe7 11. Ne2 Bb7 12. O-O O-O 13. e4 N5f6 14. Ng3 Rfd8
15. Re1 Nf8 16. Qb3 Ng6 17. Rad1 Rd7 18. a4 Rad8 19. a5 b5 20. Bf1 a6 21. e5
Nd5 22. Ne4 Qb4 23. Qxb4 Nxb4 24. Nd6 Ne7 25. g4 Nc8 26. Nxb7 Rxb7 27. Rc1 Rbd7
28. Re3 Ne7 29. Rc5 Rd5 30. Rxd5 Nbxd5 31. Re4 Rc8 32. Nd2 c5 33. dxc5 Rxc5 34.
Nb3 1/2-1/2

[Event "Sparkassen-Open A"]
[Site "Heusenstamm, Martinsee"]
[Date "2018.11.24"]
[Round "4.49"]
[White "Donchenko, Anatoly"]
[Black "Emig, Nils"]
[Result "1-0"]
[WhiteElo "2269"]
[BlackElo "1686"]
[PlyCount "77"]
[EventDate "2018.??.??"]
[WhiteTeam "SK GieÃŸen"]
[BlackTeam "SK Marburg"]

1. d4 d5 2. c4 c6 3. Nf3 Nf6 4. Qc2 dxc4 5. Qxc4 Bg4 6. Nc3 e6 7. e4 Bxf3 8.
gxf3 Nbd7 9. Be3 Be7 10. Qb3 Qc7 11. Be2 O-O 12. O-O-O Rfc8 13. Kb1 b5 14. Rc1
Qb8 15. e5 Ne8 16. f4 a5 17. Ne4 a4 18. Qd3 b4 19. Rhg1 Nb6 20. f5 exf5 21. Ng3
g6 22. Nxf5 Bf8 23. h4 a3 24. b3 Nd5 25. Bf3 Nc3+ 26. Ka1 Rc7 27. h5 Kh8 28.
Ng3 Qd8 29. Ne4 Nd5 30. Bg5 Qc8 31. Nc5 Ra5 32. Bg4 Qa8 33. Nd7 Kg8 34. hxg6
fxg6 35. Be6+ Kg7 36. Qh3 Be7 37. Qh6+ Kh8 38. Bxe7 Nxe7 39. Qf8+ 1-0

[Event "Sparkassen-Open A"]
[Site "Heusenstamm, Martinsee"]
[Date "2018.11.24"]
[Round "4.50"]
[White "Erdmann, Stefan"]
[Black "Laux, Dominik"]
[Result "1/2-1/2"]
[WhiteElo "2216"]
[BlackElo "1973"]
[PlyCount "139"]
[EventDate "2018.??.??"]
[WhiteTeam "SC Bad Soden"]
[BlackTeam "VSG Offenbach"]

1. d4 d5 2. c4 c6 3. Nf3 Nf6 4. e3 e6 5. b3 Nbd7 6. Bd3 b6 7. O-O Bb7 8. Bb2
Be7 9. Nbd2 c5 10. cxd5 exd5 11. Ne5 O-O 12. Qf3 cxd4 13. exd4 Bb4 14. Rfd1 Re8
15. Nf1 Bd6 16. Re1 Bxe5 17. dxe5 Ne4 18. Bxe4 dxe4 19. Qg3 Nc5 20. Ne3 Nd3 21.
Nf5 g6 22. Red1 Qc7 23. Nh6+ Kf8 24. Ba3+ Kg7 25. Nf5+ Kg8 26. Bd6 Qd7 27. Nh6+
Kg7 28. Ng4 Qf5 29. Ne3 Qd7 30. f4 Kh8 31. Ng4 Re6 32. Rf1 f5 33. Ne3 Ree8 34.
Nc4 Bd5 35. Ne3 Be6 36. Qh4 Rac8 37. Rad1 Rc6 38. Rd2 Qf7 39. Rfd1 Rc3 40. Rc2
Rxc2 41. Nxc2 Bxb3 42. axb3 Qxb3 43. Qf6+ Kg8 44. e6 Qxe6 45. Qxe6+ Rxe6 46.
Ba3 b5 47. Nb4 a5 48. Nxd3 exd3 49. Rxd3 b4 50. Bb2 a4 51. Rd8+ Kf7 52. Ra8 a3
53. Bxa3 bxa3 54. Rxa3 Re2 55. Ra7+ Re7 56. Ra6 Re6 57. Ra8 Re2 58. Kf1 Re7 59.
Kf2 Kg7 60. Kf3 Rb7 61. Ra3 Re7 62. h3 Rf7 63. g4 fxg4+ 64. hxg4 h5 65. gxh5 g5
66. Kg4 gxf4 67. Rf3 Kh7 68. Kg5 Rb7 69. Rxf4 Rc7 70. Rg4 1/2-1/2

[Event "Sparkassen-Open A"]
[Site "Heusenstamm, Martinsee"]
[Date "2018.11.24"]
[Round "4.51"]
[White "TremÃ¶hlen, Thomas"]
[Black "Henrich, David"]
[Result "0-1"]
[WhiteElo "1980"]
[BlackElo "2141"]
[PlyCount "88"]
[EventDate "2018.??.??"]
[WhiteTeam "SG Kaarst"]
[BlackTeam "Frankfurter TV"]

1. d4 d6 2. e4 Nf6 3. Nc3 Nbd7 4. Nf3 e5 5. Bc4 Be7 6. Bg5 c6 7. a4 a5 8. O-O
O-O 9. h3 Qb6 10. dxe5 dxe5 11. Rb1 Bb4 12. Qe2 Nh5 13. Be3 Bc5 14. Ng5 Ng3 15.
Qf3 Nxf1 16. Bxf7+ Kh8 17. Bxc5 Nd2 18. Qe2 Qxc5 19. Qxd2 Qe7 20. Ba2 Nc5 21.
Qe3 Ne6 22. Nf3 Nf4 23. Rd1 Be6 24. Bxe6 Qxe6 25. Ne2 Nxe2+ 26. Qxe2 Rad8 27.
Rxd8 Rxd8 28. Ng5 Qg6 29. h4 h6 30. Nf3 Qe6 31. b3 b6 32. Qe3 c5 33. Qc3 Re8
34. h5 Qg4 35. Qd3 Qxh5 36. Qd6 Qg4 37. Qxb6 Re6 38. Qb8+ Kh7 39. Qb7 Rg6 40.
Ne1 Qe2 41. Nd3 Qxc2 42. Qd5 Qd1+ 43. Kh2 Rg5 44. Qc4 Qf1 0-1

[Event "Sparkassen-Open A"]
[Site "Heusenstamm, Martinsee"]
[Date "2018.11.24"]
[Round "4.52"]
[White "KÃ¶llner, Christof"]
[Black "Junker, Christian"]
[Result "1-0"]
[WhiteElo "2105"]
[BlackElo "1984"]
[PlyCount "105"]
[EventDate "2018.??.??"]
[WhiteTeam "SV Bergneustadt/Derschlag"]
[BlackTeam "SV Neu-Isenburg"]

1. d4 f5 2. Bg5 g6 3. Nc3 d5 4. h4 Bg7 5. e3 c6 6. Bd3 Nf6 7. Nh3 Ne4 8. Bxe4
dxe4 9. Nf4 Qd6 10. Nfe2 e6 11. Qd2 Nd7 12. f3 exf3 13. gxf3 Nb6 14. Nd1 Nc4
15. Qd3 b5 16. b3 Nb6 17. Bf4 Qe7 18. Nf2 Bb7 19. Bg5 Bf6 20. Bxf6 Qxf6 21. e4
Rd8 22. O-O-O Kf7 23. Qe3 c5 24. c3 cxd4 25. cxd4 Rc8+ 26. Kb1 Rhd8 27. Nd3 Nd7
28. Rdg1 Rg8 29. Rh2 e5 30. d5 Qb6 31. Qxb6 axb6 32. Kb2 Kf6 33. Nc3 Nc5 34.
Nxc5 Rxc5 35. Rc1 Rgc8 36. Ne2 b4 37. Rxc5 Rxc5 38. Nc1 Ba6 39. Rc2 fxe4 40.
fxe4 Rxc2+ 41. Kxc2 h6 42. Nd3 g5 43. hxg5+ hxg5 44. Kd2 g4 45. Ke3 Bc8 46. Kf2
Ba6 47. Nxb4 Bc8 48. Kg3 Bd7 49. a4 Bc8 50. Nd3 Bd7 51. Nb2 b5 52. a5 Bc8 53.
Nd3 1-0

[Event "Sparkassen-Open A"]
[Site "Heusenstamm, Martinsee"]
[Date "2018.11.24"]
[Round "4.54"]
[White "Boder, Jan"]
[Black "Heindrich, Mark"]
[Result "1/2-1/2"]
[WhiteElo "1896"]
[BlackElo "2116"]
[PlyCount "37"]
[EventDate "2018.??.??"]
[WhiteTeam "SG MÃ¶rsdorf-Lahr"]
[BlackTeam "TuS Dotzheim"]

1. b3 g6 2. Bb2 Nf6 3. Bxf6 exf6 4. c4 d5 5. cxd5 Qxd5 6. Nc3 Qa5 7. g3 Bg7 8.
Bg2 c6 9. a3 O-O 10. Nf3 Nd7 11. b4 Qb6 12. d4 Rd8 13. O-O Ne5 14. e3 Be6 15.
Qc2 Bf5 16. Qb3 Be6 17. Qc2 Bf5 18. Qb3 Be6 19. Qc2 1/2-1/2

[Event "Sparkassen-Open A"]
[Site "Heusenstamm, Martinsee"]
[Date "2018.11.24"]
[Round "4.55"]
[White "Voss, Georg"]
[Black "Flach, Erich"]
[Result "0-1"]
[WhiteElo "1921"]
[BlackElo "2110"]
[PlyCount "64"]
[EventDate "2018.??.??"]
[WhiteTeam "SV Schmallenberg"]
[BlackTeam "SV Griesheim"]

1. c4 b6 2. e4 c5 3. g3 Bb7 4. Bg2 e6 5. Nc3 d6 6. Nge2 Nd7 7. d3 Qc7 8. a3 Be7
9. Rb1 Ngf6 10. O-O Rc8 11. f4 O-O 12. Bh3 g6 13. Nb5 Qb8 14. f5 gxf5 15. Bh6
fxe4 16. Nf4 Ne5 17. Bxf8 Rxf8 18. d4 Nxc4 19. Nxe6 fxe6 20. Bxe6+ Kh8 21. Bxc4
d5 22. Be2 a6 23. Nc3 cxd4 24. Na2 d3 25. Bg4 e3 26. Qa4 e2 27. Rf4 Qe5 28. Re1
Qe3+ 29. Kg2 Nxg4 30. Rxf8+ Bxf8 31. Qxg4 d4+ 32. Kh3 Qh6+ 0-1

[Event "Sparkassen-Open A"]
[Site "Heusenstamm, Martinsee"]
[Date "2018.11.24"]
[Round "4.56"]
[White "Sanati, Charlotte"]
[Black "Hinrichs, Paul"]
[Result "0-1"]
[WhiteElo "2096"]
[BlackElo "1907"]
[PlyCount "102"]
[EventDate "2018.??.??"]
[WhiteTeam "SG Trier"]
[BlackTeam "SK Bingen"]

1. d4 d5 2. c4 c6 3. Nf3 Nf6 4. Nc3 e6 5. e3 Nbd7 6. Qc2 Bd6 7. Bd3 O-O 8. O-O
dxc4 9. Bxc4 e5 10. Bb3 exd4 11. exd4 h6 12. Re1 Nb6 13. Ne5 Nfd5 14. Ne4 Bf5
15. Qe2 Bb4 16. Bd2 Bxd2 17. Qxd2 Nf6 18. Nc5 Qc7 19. Qf4 Bc8 20. Re2 Nbd5 21.
Qf3 b6 22. Ne4 Bb7 23. Bc2 c5 24. Nxf6+ Nxf6 25. Qf5 Qc8 26. Qf4 cxd4 27. Rc1
Qd8 28. Rd1 Qd5 29. f3 Rad8 30. Bb3 Qc5 31. Nd3 Qa5 32. Re5 Bd5 33. Qf5 Rfe8
34. Rde1 Rxe5 35. Rxe5 Qd2 36. Kf1 Be4 37. fxe4 Qxd3+ 38. Kg1 Qe3+ 39. Kf1 d3
40. Qf3 Qc1+ 41. Bd1 Qxb2 42. Re7 Qb4 43. Rxa7 Qxe4 44. Qxe4 Nxe4 45. Rc7 b5
46. Ke1 b4 47. Rc4 d2+ 48. Kf1 Nc3 49. Rxc3 bxc3 50. Ke2 Re8+ 51. Kd3 Re1 0-1